[Event "Matinhos Caioba-ch"]
[White "Rocha, Wellington Carlos"]
[Black "Soares, Erikson Roberto Mau"]
[Site "Matinhos"]
[Round "3"]
[Result "1-0"]
[Date "2015.08.29"]
[WhiteElo "2363"]
[BlackElo "2217"]
[PlyCount "121"]
[EventDate "2015.08.28"]
[EventType "swiss"]
[EventRounds "6"]
[EventCountry "BRA"]
[SourceTitle "EXT 2016"]
[Source "ChessBase"]
[SourceDate "2015.10.08"]
[SourceVersion "1"]
[SourceVersionDate "2015.10.08"]
[SourceQuality "1"]

1. e4 e6 2. d4 d5 3. Nc3 Nf6 4. Bg5 Bb4 5. e5 h6 6. Bd2 Bxc3 7. bxc3 Ne4 8. Qg4 Kf8 9. Bd3 Nxd2 10. Kxd2 c5 11. Nf3 Nc6 12. Rhb1 cxd4 13. cxd4 Na5 14. Qf4 Bd7 15. h4 Rc8 16. a4 b6 17. Ke2 Rc7 18. g4 Qe8 19. Qd2 Nc4 20. Qb4+ Qe7 21. Nd2 Qxb4 22. Rxb4 Na5 23. Rb2 Ke7 24. h5 f6 25. f4 Rf8 26. Ke3 Rc3 27. Rba2 Rc7 28. Rf1 Nc6 29. Rb1 Na5 30. Nf3 Nc4+ 31. Ke2 Be8 32. Rf1 f5 33. Nh4 Kd8 34. gxf5 Bxh5+ 35. Ke1 Ne3 36. Rg1 Nxf5 37. Nxf5 exf5 38. a5 Bg4 39. axb6 axb6 40. Rb2 Ke7 41. Rxb6 Ra8 42. Kd2 Ra4 43. Ke3 Ra3 44. Rc1 h5 45. Kd2 h4 46. Rh1 h3 47. Rbb1 Ra8 48. Rh2 Ra4 49. Ke3 Rca7 50. Rb5 Ra1 51. Rxd5 Rc1 52. Rb5 Raa1 53. d5 Rh1 54. d6+ Kd7 55. Rb7+ Kc6 56. Rc7+ Kb6 57. Rxh1 Rxh1 58. Rc8 Re1+ 59. Kd4 h2 60. d7 h1Q 61. d8Q+ 1-0

[Event "Matinhos Caioba-ch"]
[White "Rocha, Wellington Carlos"]
[Black "Ikejiri, Daniel Yoshito"]
[Site "Matinhos"]
[Round "1"]
[Result "1-0"]
[Date "2015.08.28"]
[WhiteElo "2363"]
[BlackElo "1918"]
[PlyCount "51"]
[EventDate "2015.08.28"]
[EventType "swiss"]
[EventRounds "6"]
[EventCountry "BRA"]
[SourceTitle "EXT 2016"]
[Source "ChessBase"]
[SourceDate "2015.10.08"]
[SourceVersion "1"]
[SourceVersionDate "2015.10.08"]
[SourceQuality "1"]

1. e4 c6 2. d4 d5 3. Nc3 dxe4 4. Nxe4 Bf5 5. Ng3 Bg6 6. h4 h6 7. Nh3 e6 8. Nf4 Bh7 9. Bc4 Nf6 10. 0-0 Bd6 11. Nxe6 fxe6 12. Bxe6 Nbd7 13. Re1 Qc7 14. Bh3+ Kd8 15. Nf5 Bxf5 16. Bxf5 Bh2+ 17. Kh1 Bf4 18. Qf3 Bxc1 19. Raxc1 Qd6 20. Re6 Qd5 21. Qd3 g6 22. Bh3 Qh5 23. Qg3 g5 24. Rxf6 Nxf6 25. Qd6+ Ke8 26. Qxf6 1-0

[Event "Porto Seguro op"]
[White "Rocha, Wellington Carlos"]
[Black "Damasceno Gomes, Orlando"]
[Site "Porto Seguro"]
[Round "6"]
[Result "1-0"]
[Date "2014.09.14"]
[WhiteElo "2362"]
[BlackElo "1935"]
[PlyCount "64"]
[EventDate "2014.09.12"]
[EventType "swiss"]
[EventRounds "6"]
[EventCountry "BRA"]
[SourceTitle "CBM 162 Extra"]
[Source "ChessBase"]
[SourceDate "2014.10.17"]
[SourceVersion "1"]
[SourceVersionDate "2014.10.17"]
[SourceQuality "1"]

1. e4 c6 2. d4 d5 3. Nc3 dxe4 4. Nxe4 Nf6 5. Nxf6+ exf6 6. c3 Bd6 7. Bd3 Nd7 8. Qc2 Nf8 9. Be3 Be6 10. Ne2 Qc7 11. c4 Ng6 12. g3 Bb4+ 13. Nc3 0-0 14. 0-0 Rfe8 15. a3 Bxc3 16. Qxc3 Bh3 17. Rfe1 Qd7 18. f3 Rad8 19. Rad1 f5 20. Bf2 f4 21. Qa5 fxg3 22. hxg3 Rxe1+ 23. Rxe1 b6 24. Qh5 Be6 25. Kg2 Nf8 26. Rh1 g6 27. Qg5 Re8 28. d5 Qd8 29. Qxd8 Rxd8 30. dxe6 Nxe6 31. Rd1 Re8 32. b4 f6 1-0

[Event "Porto Seguro op"]
[White "Barbosa, Joao Ildefonso Antu"]
[Black "Rocha, Wellington Carlos"]
[Site "Porto Seguro"]
[Round "1"]
[Result "0-1"]
[Date "2014.09.12"]
[WhiteElo "1784"]
[BlackElo "2362"]
[PlyCount "50"]
[EventDate "2014.09.12"]
[EventType "swiss"]
[EventRounds "6"]
[EventCountry "BRA"]
[SourceTitle "CBM 162 Extra"]
[Source "ChessBase"]
[SourceDate "2014.10.17"]
[SourceVersion "1"]
[SourceVersionDate "2014.10.17"]
[SourceQuality "1"]

1. d4 Nf6 2. c4 c5 3. d5 e6 4. Nc3 exd5 5. cxd5 d6 6. e4 g6 7. Nf3 Bg7 8. Be2 0-0 9. 0-0 Re8 10. Qc2 Qe7 11. Nd2 Nbd7 12. f4 Rb8 13. a4 h5 14. h3 h4 15. a5 a6 16. Kh1 b5 17. Bf3 c4 18. Ne2 Nc5 19. Nd4 Nfxe4 20. Nc6 Ng3+ 21. Kh2 Qf6 22. Bd1 Bf5 23. Qc3 Qxc3 24. bxc3 Bxc3 25. Ra3 Bxd2 0-1

[Event "Maringa op 4th"]
[White "Medeiros, Francisco de Assis"]
[Black "Rocha, Wellington Carlos"]
[Site "Maringa"]
[Round "9"]
[Result "1/2-1/2"]
[Date "2014.08.24"]
[WhiteElo "2095"]
[BlackElo "2360"]
[PlyCount "43"]
[EventDate "2014.08.20"]
[EventType "swiss"]
[EventRounds "9"]
[EventCountry "BRA"]
[SourceTitle "EXT 2015"]
[Source "ChessBase"]
[SourceDate "2014.11.20"]
[SourceVersion "1"]
[SourceVersionDate "2014.11.20"]
[SourceQuality "1"]

1. d4 Nf6 2. c4 c5 3. d5 e6 4. Nc3 exd5 5. cxd5 d6 6. Nf3 g6 7. Bf4 a6 8. a4 Bg7 9. e3 0-0 10. h3 Re8 11. Bd3 b6 12. 0-0 Bb7 13. Qb3 Qc7 14. Nd2 Nbd7 15. Nc4 Bf8 16. e4 Rab8 17. Bh2 Bc8 18. f4 Nxe4 19. Nxe4 b5 20. axb5 axb5 21. Ncd2 c4 22. Qc2 1/2-1/2

[Event "Votoria Cup 2nd"]
[White "Molina, Roberto Junio Brito"]
[Black "Rocha, Wellington Carlos"]
[Site "Vitoria"]
[Round "7"]
[Result "1-0"]
[Date "2014.03.23"]
[WhiteElo "2424"]
[BlackElo "2361"]
[PlyCount "55"]
[EventDate "2014.03.20"]
[EventType "swiss"]
[EventRounds "7"]
[EventCountry "BRA"]
[SourceTitle "CBM 159 Extra"]
[Source "ChessBase"]
[SourceDate "2014.04.24"]
[SourceVersion "1"]
[SourceVersionDate "2014.04.24"]
[SourceQuality "1"]

1. d4 Nf6 2. c4 c5 3. d5 e5 4. Nc3 d6 5. e4 Be7 6. Nf3 Nbd7 7. h3 Nf8 8. Be3 Ng6 9. Qd2 a6 10. Bd3 Bd7 11. a4 b6 12. 0-0 Rb8 13. Rfb1 0-0 14. b4 Qc7 15. Ne2 Nxe4 16. Bxe4 f5 17. bxc5 bxc5 18. Bc2 f4 19. Bxg6 hxg6 20. Bxf4 exf4 21. Nxf4 Bf6 22. Rxb8 Rxb8 23. Re1 Bxa4 24. Ne6 Qb6 25. Qf4 Re8 26. Qg3 Bc2 27. Kh2 Bf5 28. Nxg7 1-0

[Event "Votoria Cup 2nd"]
[White "Rocha, Wellington Carlos"]
[Black "Rodi, Luis Ernesto"]
[Site "Vitoria"]
[Round "6"]
[Result "1-0"]
[Date "2014.03.23"]
[WhiteElo "2361"]
[BlackElo "2362"]
[PlyCount "93"]
[EventDate "2014.03.20"]
[EventType "swiss"]
[EventRounds "7"]
[EventCountry "BRA"]
[SourceTitle "CBM 159 Extra"]
[Source "ChessBase"]
[SourceDate "2014.04.24"]
[SourceVersion "1"]
[SourceVersionDate "2014.04.24"]
[SourceQuality "1"]

1. d4 d6 2. e4 Nf6 3. Nc3 g6 4. Be3 c6 5. h3 Bg7 6. Nf3 0-0 7. Be2 b5 8. a3 Bb7 9. 0-0 a6 10. Qc1 Qc7 11. Bf4 Nfd7 12. Qe3 c5 13. d5 f6 14. Nd2 Ne5 15. a4 b4 16. Nd1 f5 17. c4 Nbd7 18. exf5 Rxf5 19. Bh6 Bh8 20. Qg3 Nf7 21. Be3 Nf6 22. f4 Nh5 23. Qh2 Rf6 24. Ne4 Ng7 25. Nxf6+ exf6 26. Bd3 f5 27. Rc1 Re8 28. Rc2 Nh5 29. Re2 Nf6 30. Rfe1 Qd7 31. b3 Ne4 32. Bf2 Kf8 33. g4 Nh6 34. Qg2 Bc8 35. Bxe4 fxe4 36. Rxe4 Rxe4 37. Qxe4 Qf7 38. Bg3 Bd4+ 39. Kg2 Bd7 40. f5 gxf5 41. Qf4 Ng8 42. Qxd6+ Kg7 43. Be5+ Bxe5 44. Qxe5+ Qf6 45. g5 Qxe5 46. Rxe5 Kf7 47. d6 1-0

[Event "Votoria Cup 2nd"]
[White "Rocha, Wellington Carlos"]
[Black "Perdomo, Leandro Daniel"]
[Site "Vitoria"]
[Round "4"]
[Result "0-1"]
[Date "2014.03.22"]
[WhiteElo "2361"]
[BlackElo "2393"]
[PlyCount "62"]
[EventDate "2014.03.20"]
[EventType "swiss"]
[EventRounds "7"]
[EventCountry "BRA"]
[SourceTitle "CBM 159 Extra"]
[Source "ChessBase"]
[SourceDate "2014.04.24"]
[SourceVersion "1"]
[SourceVersionDate "2014.04.24"]
[SourceQuality "1"]

1. d4 Nf6 2. c4 g6 3. Nc3 Bg7 4. e4 d6 5. Nf3 0-0 6. Be2 e5 7. 0-0 Nc6 8. d5 Ne7 9. b4 Ne8 10. a4 f5 11. a5 Nf6 12. Bd3 fxe4 13. Nxe4 Bg4 14. Nxf6+ Rxf6 15. Be2 Qe8 16. Ra3 Bxf3 17. Bxf3 Nf5 18. Be4 Bh6 19. Bb2 Qe7 20. Rh3 Raf8 21. g4 Ne3 22. Qd2 Nxf1 23. Qxh6 Rf4 24. Bxg6 Rxg4+ 25. Kxf1 Rxg6 26. Rg3 Qf6 27. Qe3 Qf4 28. c5 Rxg3 29. Qxg3+ Qxg3 30. hxg3 Rf3 31. b5 b6 0-1

[Event "Vitoria Cup"]
[White "Mendonca, Mateus Nakajo"]
[Black "Rocha, Wellington Carlos"]
[Site "Vitoria"]
[Round "6"]
[Result "1-0"]
[Date "2013.06.01"]
[WhiteElo "2298"]
[BlackElo "2359"]
[PlyCount "77"]
[EventDate "2013.05.30"]
[EventType "swiss"]
[EventRounds "7"]
[EventCountry "BRA"]
[SourceTitle "CBM 154 Extra"]
[Source "ChessBase"]
[SourceDate "2013.06.25"]
[SourceVersion "2"]
[SourceVersionDate "2013.06.25"]
[SourceQuality "1"]

1. e4 c5 2. Nf3 Nc6 3. d4 cxd4 4. Nxd4 Nf6 5. Nc3 d6 6. Be2 g6 7. Be3 Bg7 8. Nb3 0-0 9. f4 Be6 10. g4 Na5 11. g5 Nd7 12. Bd4 Bxd4 13. Qxd4 Nc6 14. Qd2 a5 15. Bb5 Qb6 16. h4 Rfc8 17. h5 Nf8 18. hxg6 fxg6 19. f5 Ne5 20. Qe2 gxf5 21. exf5 Bxf5 22. Nd5 Qd8 23. Nd4 Bg6 24. a4 Rc5 25. Nf4 Qc8 26. 0-0-0 Qg4 27. Qf2 Qxg5 28. Kb1 Qf6 29. Rdf1 Ng4 30. Qd2 Qg5 31. Qe2 e5 32. Nxg6 Qxg6 33. Nf5 Kh8 34. Bd3 e4 35. Qxe4 Ne5 36. Rhg1 Qe8 37. Nxd6 Qd7 38. Qd4 Ne6 39. Nf7+ 1-0

[Event "Sao Jose do Rio Preto 11th"]
[White "Freitas, Romeu Salvador"]
[Black "Rocha, Wellington Carlos"]
[Site "Sao Jose do Rio Preto"]
[Round "8"]
[Result "1-0"]
[Date "2012.12.22"]
[WhiteElo "2279"]
[BlackElo "2427"]
[PlyCount "31"]
[EventDate "2012.12.17"]
[EventType "tourn"]
[EventRounds "9"]
[EventCountry "BRA"]
[EventCategory "3"]
[SourceTitle "EXT 2014"]
[Source "ChessBase"]
[SourceDate "2013.11.20"]
[SourceVersion "1"]
[SourceVersionDate "2013.11.20"]
[SourceQuality "1"]

1. d4 d5 2. c4 e5 3. dxe5 d4 4. Nf3 Nc6 5. g3 Be6 6. Nbd2 Qd7 7. Bg2 0-0-0 8. 0-0 h5 9. h4 f6 10. exf6 gxf6 11. Qa4 Nh6 12. b4 Kb8 13. b5 Ne5 14. Nb3 Nf5 15. Nfxd4 Nxh4 16. Nc6+ 1-0

[Event "Sao Jose do Rio Preto 11th"]
[White "Rocha, Wellington Carlos"]
[Black "Abdalla, Luiz Guilherme"]
[Site "Sao Jose do Rio Preto"]
[Round "4"]
[Result "0-1"]
[Date "2012.12.19"]
[WhiteElo "2427"]
[BlackElo "2322"]
[PlyCount "90"]
[EventDate "2012.12.17"]
[EventType "tourn"]
[EventRounds "9"]
[EventCountry "BRA"]
[EventCategory "3"]
[SourceTitle "EXT 2014"]
[Source "ChessBase"]
[SourceDate "2013.11.20"]
[SourceVersion "1"]
[SourceVersionDate "2013.11.20"]
[SourceQuality "1"]

1. e4 c5 2. Nf3 e6 3. d4 cxd4 4. Nxd4 Nc6 5. Nc3 d6 6. Be3 Nf6 7. Be2 Be7 8. 0-0 0-0 9. f4 Bd7 10. Qd2 Nxd4 11. Bxd4 Bc6 12. Qe3 Nd7 13. Qg3 e5 14. Be3 exf4 15. Qxf4 Ne5 16. Rad1 Qa5 17. Qg3 Rfe8 18. a3 Bf8 19. Kh1 Re6 20. Rf5 Qc7 21. Rdf1 g6 22. Bd4 Bg7 23. R5f4 Re7 24. Rh4 Rae8 25. Qf2 a6 26. Rh3 Qc8 27. Qh4 h5 28. Bxh5 gxh5 29. Qxh5 Qe6 30. Qh7+ Kf8 31. Rf5 f6 32. Rg3 Rf7 33. Bxe5 dxe5 34. h4 Ree7 35. Qg6 Ke8 36. Rd3 Rd7 37. h5 Rxd3 38. cxd3 Qe7 39. h6 Bxh6 40. Rh5 Bg5 41. Rh8+ Kd7 42. Qg8 Kc7 43. b4 Kb6 44. a4 Qxb4 45. Qxf7 Qxc3 0-1

[Event "Regina Helena Marques 9th"]
[White "Marrero Lopez, Yaniet"]
[Black "Rocha, Wellington Carlos"]
[Site "Santos"]
[Round "9"]
[Result "1/2-1/2"]
[Date "2012.12.16"]
[WhiteElo "2304"]
[BlackElo "2427"]
[PlyCount "63"]
[EventDate "2012.12.10"]
[EventType "tourn"]
[EventRounds "9"]
[EventCountry "BRA"]
[EventCategory "7"]
[SourceTitle "CBM 152 Extra"]
[Source "ChessBase"]
[SourceDate "2013.02.25"]
[SourceVersion "1"]
[SourceVersionDate "2013.02.25"]
[SourceQuality "1"]

1. e4 c5 2. Nf3 Nc6 3. Bb5 Qc7 4. 0-0 e6 5. c3 Nf6 6. Re1 a6 7. Bxc6 Qxc6 8. e5 Nd5 9. c4 Ne7 10. b3 b5 11. d3 Bb7 12. Nbd2 Nf5 13. Ne4 d5 14. exd6 Bxd6 15. d4 cxd4 16. Nxd4 Nxd4 17. Qxd4 0-0-0 18. Nxd6+ Qxd6 19. Qxd6 Rxd6 20. cxb5 axb5 21. Bf4 Rc6 22. a4 bxa4 23. bxa4 Rd8 24. a5 f6 25. Rec1 e5 26. Be3 Rdd6 27. Rxc6+ Rxc6 28. Rc1 Kd7 29. Rxc6 Kxc6 30. h4 Kd5 31. Bb6 Ke4 32. Bc5 1/2-1/2

[Event "Regina Helena Marques 9th"]
[White "Molina, Roberto Junio Brito"]
[Black "Rocha, Wellington Carlos"]
[Site "Santos"]
[Round "2"]
[Result "1-0"]
[Date "2012.12.11"]
[WhiteElo "2418"]
[BlackElo "2427"]
[PlyCount "165"]
[EventDate "2012.12.10"]
[EventType "tourn"]
[EventRounds "9"]
[EventCountry "BRA"]
[EventCategory "7"]
[SourceTitle "CBM 152 Extra"]
[Source "ChessBase"]
[SourceDate "2013.02.25"]
[SourceVersion "1"]
[SourceVersionDate "2013.02.25"]
[SourceQuality "1"]

1. d4 Nf6 2. c4 g6 3. Nc3 Bg7 4. e4 0-0 5. Nf3 d6 6. Be2 e5 7. 0-0 Nc6 8. d5 Ne7 9. b4 a5 10. Ba3 axb4 11. Bxb4 b6 12. a4 Ne8 13. Nb5 Bd7 14. a5 c5 15. Bc3 bxa5 16. Qa4 Nc8 17. Bxa5 Qe7 18. Qc2 Rb8 19. Bc3 f5 20. Nd2 fxe4 21. Nxe4 Bf5 22. Bd3 Rb7 23. Ra8 Bxe4 24. Rxc8 Bxg2 25. Rxe8 Rxe8 26. Kxg2 e4 27. Be2 Qg5+ 28. Kh1 Qf4 29. Bxg7 Rxg7 30. Qc3 Rf7 31. Qg3 Qd2 32. Qe3 Qxe3 33. fxe3 Rxf1+ 34. Bxf1 Rd8 35. Bg2 Kg7 36. Bxe4 Kf6 37. Kg2 Ke5 38. Bf3 Ra8 39. Kf2 Ra2+ 40. Be2 h5 41. h4 Ra1 42. Kg2 Ra2 43. Kf3 Ra1 44. Bd3 Rg1 45. Nc7 Rg4 46. Ne6 Rxh4 47. Nf4 Kf6 48. Nxg6 Rg4 49. Nf4 Rg5 50. Nh3 Rg8 51. Nf2 Ke5 52. Bf1 Rg1 53. Ke2 h4 54. Bh3 Rg3 55. Be6 Rg2 56. Bd7 Rg3 57. Bh3 Rg1 58. Kd3 Ra1 59. Ng4+ Kf5 60. Nh2+ Kf6 61. Nf3 Ra2 62. Be6 Ra3+ 63. Kd2 Ra2+ 64. Kc3 Ra3+ 65. Kd2 Ra2+ 66. Kd1 Ra3 67. Nxh4 Rxe3 68. Nf5 Rc3 69. Nxd6 Ke5 70. Kd2 Ra3 71. Nb5 Ra2+ 72. Kc3 Rg2 73. Kb3 Rf2 74. Bc8 Rf3+ 75. Kc2 Rf4 76. Kd3 Rf3+ 77. Kd2 Rf4 78. d6 Rf8 79. Bg4 Kf4 80. Bh3 Ke5 81. d7 Rb8 82. Kc2 Kf6 83. Na7 1-0

[Event "Mineiro-ch"]
[White "Crespo de Oliveira, Lucas"]
[Black "Rocha, Wellington Carlos"]
[Site "Belo Horizonte"]
[Round "3"]
[Result "0-1"]
[Date "2012.12.01"]
[WhiteElo "2164"]
[BlackElo "2427"]
[PlyCount "128"]
[EventDate "2012.11.30"]
[EventType "swiss"]
[EventRounds "7"]
[EventCountry "BRA"]
[SourceTitle "EXT 2014"]
[Source "ChessBase"]
[SourceDate "2013.11.20"]
[SourceVersion "1"]
[SourceVersionDate "2013.11.20"]
[SourceQuality "1"]

1. e4 d6 2. d4 Nf6 3. Nc3 g6 4. f3 c6 5. Be3 b5 6. a4 b4 7. Na2 a5 8. c3 bxc3 9. bxc3 Bg7 10. Rb1 0-0 11. Bd3 Nbd7 12. Ne2 Nb6 13. d5 c5 14. Bb5 Nfd7 15. 0-0 Ne5 16. Nf4 Bd7 17. Qc2 Rb8 18. c4 Bh6 19. g3 Qc8 20. Kh1 Bh3 21. Nxh3 Qxh3 22. Bxh6 Qxh6 23. f4 Ng4 24. Qe2 Qh3 25. e5 f5 26. exd6 exd6 27. Rbe1 Rf7 28. Qg2 Qh6 29. Re6 Nd7 30. Rfe1 Nf8 31. Rxd6 Qg7 32. h3 Re7 33. Qd2 Nf6 34. Nc3 Rbb7 35. Re5 Qh6 36. Kg2 Rxe5 37. Rxf6 Ree7 38. d6 Rf7 39. Qd5 Qg7 40. Rxf7 Qxf7 41. d7 Qxd5+ 42. Nxd5 Nxd7 43. Bxd7 Rb2+ 44. Kf3 Rb3+ 45. Ne3 Kf7 46. g4 Ke7 47. Bc6 fxg4+ 48. hxg4 h5 49. gxh5 gxh5 50. Ke4 Ke6 51. f5+ Kd6 52. Bd5 Ke7 53. Kf4 Ra3 54. Bc6 Kd6 55. Be8 Ke7 56. Bxh5 Rxa4 57. Ke5 Ra1 58. Nd5+ Kd7 59. Bf7 a4 60. Be6+ Kc6 61. f6 Re1+ 62. Kf5 Kd6 63. Nf4 Rf1 64. f7 Ke7 0-1

[Event "Sete Lagoas Goncalves Memorial"]
[White "Rocha, Wellington Carlos"]
[Black "De Lima, Alisson Pinto"]
[Site "Sete Lagoas"]
[Round "1.2"]
[Result "1-0"]
[Date "2011.08.19"]
[WhiteElo "2423"]
[BlackElo "1825"]
[PlyCount "41"]
[EventDate "2011.08.19"]
[EventType "swiss"]
[EventRounds "5"]
[EventCountry "BRA"]
[SourceTitle "EXT 2022"]
[Source "ChessBase"]
[SourceDate "2021.10.06"]
[SourceVersion "1"]
[SourceVersionDate "2021.10.06"]
[SourceQuality "1"]

1. e4 d6 2. d4 Nf6 3. Nc3 g6 4. Be3 c6 5. h3 b5 6. Bd3 e5 7. Nf3 Nbd7 8. 0-0 Bg7 9. dxe5 dxe5 10. a4 b4 11. Na2 Qe7 12. Qe1 c5 13. Nd2 0-0 14. g4 Bb7 15. f3 a5 16. Nc1 h5 17. Qh4 Rfe8 18. Ncb3 Qf8 19. Rfd1 hxg4 20. hxg4 Nh7 21. Bb5 1-0

[Event "Sao Paulo Braga op"]
[White "Rocha, Wellington Carlos"]
[Black "Gazel Pereira, Frederico"]
[Site "Sao Paulo"]
[Round "7"]
[Result "1-0"]
[Date "2011.04.23"]
[WhiteElo "2417"]
[BlackElo "2282"]
[PlyCount "91"]
[EventDate "2011.04.20"]
[EventType "swiss"]
[EventRounds "9"]
[EventCountry "BRA"]
[SourceTitle "CBM 141 Extra"]
[Source "ChessBase"]
[SourceDate "2011.05.03"]
[SourceVersion "1"]
[SourceVersionDate "2011.05.03"]
[SourceQuality "1"]

1. e4 e5 2. Nf3 Nc6 3. Bb5 a6 4. Ba4 b5 5. Bb3 Na5 6. d3 Nxb3 7. axb3 d6 8. 0-0 Nf6 9. Nc3 Bb7 10. Re1 h6 11. d4 Be7 12. dxe5 dxe5 13. Qe2 Nd7 14. Rd1 c6 15. Nxe5 Nxe5 16. Rxd8+ Rxd8 17. Bf4 Ng6 18. Bg3 0-0 19. Rd1 Bg5 20. Bc7 Nf4 21. Qf3 Rxd1+ 22. Qxd1 Ne6 23. Ba5 Bd8 24. Qa1 Nd4 25. Qd1 Bxa5 26. Qxd4 Rd8 27. Qa7 Bxc3 28. g3 Bc8 29. bxc3 Bh3 30. f3 Rd2 31. Qxa6 Rxc2 32. Qxc6 b4 33. Qe8+ Kh7 34. cxb4 Rg2+ 35. Kf1 Rxh2+ 36. Kg1 Rg2+ 37. Kh1 Rxg3 38. Qxf7 Bg2+ 39. Kh2 Rxf3 40. Qd5 Rf2 41. Kg1 Re2 42. Qf5+ Kg8 43. Qc8+ Kh7 44. Qg4 Rd2 45. Qxg2 Rxg2+ 46. Kxg2 1-0

[Event "Sao Paulo Braga op"]
[White "Terao, Rodrigo Akira"]
[Black "Rocha, Wellington Carlos"]
[Site "Sao Paulo"]
[Round "4"]
[Result "1/2-1/2"]
[Date "2011.04.22"]
[WhiteElo "2332"]
[BlackElo "2417"]
[PlyCount "61"]
[EventDate "2011.04.20"]
[EventType "swiss"]
[EventRounds "9"]
[EventCountry "BRA"]
[SourceTitle "CBM 141 Extra"]
[Source "ChessBase"]
[SourceDate "2011.05.03"]
[SourceVersion "1"]
[SourceVersionDate "2011.05.03"]
[SourceQuality "1"]

1. e4 d6 2. d4 Nf6 3. Nc3 g6 4. h3 c6 5. Nf3 b5 6. Bd3 Bg7 7. e5 dxe5 8. dxe5 Nfd7 9. e6 Nc5 10. exf7+ Kxf7 11. Ng5+ Ke8 12. 0-0 Nxd3 13. cxd3 h6 14. Nge4 Na6 15. Re1 Rf8 16. Be3 Kf7 17. Qd2 Rh8 18. a4 b4 19. Ne2 Bf5 20. N2g3 Qd5 21. Rac1 e6 22. Nxf5 gxf5 23. Nc5 Rhg8 24. f3 Nc7 25. Qxb4 Be5 26. Kh1 Rab8 27. Qd2 Rxb2 28. Rc2 Rgb8 29. d4 Rxc2 30. Qxc2 Bf6 31. Nd3 1/2-1/2

[Event "Sao Paulo Braga op"]
[White "Goncalves, Jorge Roberto"]
[Black "Rocha, Wellington Carlos"]
[Site "Sao Paulo"]
[Round "2"]
[Result "0-1"]
[Date "2011.04.21"]
[WhiteElo "2092"]
[BlackElo "2417"]
[PlyCount "32"]
[EventDate "2011.04.20"]
[EventType "swiss"]
[EventRounds "9"]
[EventCountry "BRA"]
[SourceTitle "EXT 2022"]
[Source "ChessBase"]
[SourceDate "2021.10.06"]
[SourceVersion "1"]
[SourceVersionDate "2021.10.06"]
[SourceQuality "1"]

1. d4 Nf6 2. e3 g6 3. Bd3 Bg7 4. f4 d6 5. Nf3 c5 6. 0-0 0-0 7. c3 Nc6 8. e4 cxd4 9. cxd4 Qb6 10. Bc2 Bg4 11. Be3 Qxb2 12. Nbd2 Qc3 13. Kf2 Nb4 14. Bb3 Bf5 15. h3 Bxe4 16. Nc4 Bd5 0-1

[Event "Sao Paulo Braga op"]
[White "Rocha, Wellington Carlos"]
[Black "Reis, Renan do Carmo"]
[Site "Sao Paulo"]
[Round "3"]
[Result "1-0"]
[Date "2011.04.21"]
[WhiteElo "2417"]
[BlackElo "2227"]
[PlyCount "137"]
[EventDate "2011.04.20"]
[EventType "swiss"]
[EventRounds "9"]
[EventCountry "BRA"]
[SourceTitle "CBM 141 Extra"]
[Source "ChessBase"]
[SourceDate "2011.05.03"]
[SourceVersion "1"]
[SourceVersionDate "2011.05.03"]
[SourceQuality "1"]

1. e4 c5 2. Nf3 d6 3. d4 cxd4 4. Nxd4 Nf6 5. Nc3 a6 6. Bc4 e6 7. Bb3 Nbd7 8. Bg5 Nc5 9. f4 h6 10. Bxf6 Qxf6 11. 0-0 g6 12. Qd2 Bd7 13. Qe3 Bg7 14. Rad1 0-0 15. Rd2 Rfe8 16. Nde2 Bf8 17. Ng3 Bc6 18. Bc4 b5 19. Be2 b4 20. Nd1 d5 21. e5 Qe7 22. Bd3 Qb7 23. Ne2 Qa7 24. b3 Nxd3 25. cxd3 Qxe3+ 26. Nxe3 Rec8 27. Kf2 Bb7 28. Rc2 d4 29. Nc4 Bc5 30. Rfc1 a5 31. Ng3 Rd8 32. Nd2 Bb6 33. Nge4 a4 34. Nc4 axb3 35. Nf6+ Kg7 36. axb3 Bc5 37. Nd2 Bb6 38. Nfe4 Rdc8 39. Nd6 Rxc2 40. Rxc2 Bd5 41. N2c4 Bc5 42. Nb5 Ra1 43. Nc7 Bxc4 44. Rxc4 Bf8 45. Ne8+ Kh8 46. Nd6 f6 47. Kf3 fxe5 48. fxe5 Bg7 49. Rxb4 Rf1+ 50. Ke2 Rf4 51. Rb5 Kh7 52. b4 Rh4 53. h3 Rh5 54. Nc4 Rf5 55. Rb6 Bxe5 56. g4 Rg5 57. h4 Rxg4 58. Nxe5 Rxh4 59. Rxe6 Rh2+ 60. Kf3 Rb2 61. Re7+ Kg8 62. Rb7 g5 63. Kg4 Rf2 64. b5 Rg2+ 65. Kh5 Re2 66. Kg6 Kf8 67. Kf6 Rf2+ 68. Ke6 h5 69. Rf7+ 1-0

[Event "BRA-ch sf"]
[White "Rocha, Wellington Carlos"]
[Black "Mascarenhas, Alberto Pinheiro"]
[Site "Vitoria"]
[Round "7"]
[Result "1-0"]
[Date "2009.11.02"]
[WhiteElo "2426"]
[BlackElo "2206"]
[PlyCount "79"]
[EventDate "2009.10.30"]
[EventType "swiss"]
[EventRounds "7"]
[EventCountry "BRA"]
[SourceTitle "EXT 2010"]
[Source "ChessBase"]
[SourceDate "2010.11.25"]
[SourceVersion "1"]
[SourceVersionDate "2010.11.25"]
[SourceQuality "1"]

1. e4 c5 2. Nf3 d6 3. d4 cxd4 4. Nxd4 Nf6 5. Nc3 a6 6. Be3 e5 7. Nf3 Be6 8. a4 h6 9. Be2 Nbd7 10. 0-0 Rc8 11. Nd2 Be7 12. Bf3 0-0 13. a5 Qc7 14. Qe2 Rfe8 15. Rfd1 Bf8 16. g3 Qc6 17. Nf1 Bc4 18. Qe1 Be6 19. Bg2 Qc7 20. Bd2 Qb8 21. Ne3 Rc7 22. Qe2 Rec8 23. Be1 g6 24. Kh1 Re8 25. Qf3 Kg7 26. g4 Qc8 27. Qg3 Nb8 28. Nf5+ Bxf5 29. gxf5 Nh5 30. Qg4 Nd7 31. fxg6 fxg6 32. Bh3 Qd8 33. Bd2 Ndf6 34. Qg2 Kh8 35. Qxg6 Rg7 36. Qf5 Rg8 37. Rg1 Rxg1+ 38. Rxg1 Bg7 39. Qg6 Rg8 40. Be6 1-0

[Event "BRA-ch sf"]
[White "Guimaraes, Diogo Duarte"]
[Black "Rocha, Wellington Carlos"]
[Site "Vitoria"]
[Round "4"]
[Result "0-1"]
[Date "2009.11.01"]
[WhiteElo "2179"]
[BlackElo "2426"]
[PlyCount "32"]
[EventDate "2009.10.30"]
[EventType "swiss"]
[EventRounds "7"]
[EventCountry "BRA"]
[SourceTitle "EXT 2010"]
[Source "ChessBase"]
[SourceDate "2010.11.25"]
[SourceVersion "1"]
[SourceVersionDate "2010.11.25"]
[SourceQuality "1"]

1. e4 c5 2. Nf3 e6 3. c3 d5 4. exd5 exd5 5. d4 Nf6 6. Ne5 Be7 7. Bb5+ Nbd7 8. dxc5 Bxc5 9. Nxd7 Bxd7 10. Qe2+ Ne4 11. f3 0-0 12. Bxd7 Qh4+ 13. g3 Nxg3 14. hxg3 Qxh1+ 15. Kd2 Rad8 16. b4 Bb6 0-1